01555cam a22002654a 450000100090000000300040000900500170001300800410003001000170007102000380008802000350012604000180016105000150017908200120019424500720020625000130027826000350029130000460032650000510037250507610042365000370118470000190122170000200124073000290126015641209OSt20210414114513.0090227s2010 nyua bf 001 0 eng  a 2009007900 a9780073380773 (pbk. : alk. paper) a0073380776 (pbk. : alk. paper) aDLCcDLCdDLC00aRA776.C83 00a61322200aConnect core concepts in Health. /c Paul M. Insel, Walton T. Roth. a11th ed. aBoston :bMcGraw-Hill,cc2010. axxvi, 723, [16] p. :bcol. ill. ;c28 cm. aIncludes bibliographical references and index. aContents: Taking Charge of your health -- Stress: the constant challenge -- Psychological health -- Intimate relationships and communication -- Sex and your body -- Contraception --Abortion -- Pregnancy and childbirth -- The use and abuse psychoactive drugs -- The responsible use of alcohol -- Toward a tobacco-free society -- Nutrition basics -- Exercise health and fitness -- Weight management -- Cardiovascular health -- Cancer -- Immunity and infection -- Sexually transmitted diseases -- Environmental health -- Conventional and complementary medicine -- Personal safety -- Aging: a vital process -- Dying and death -- Appendixes A : nutritional content of popular items from fast-food restaurants -- B : a self-care guide for common medical problem. 0aHealthvHandbooks, manuals, etc.1 aInsel, Paul M.1 aRoth, Walton T.0 aCore concepts in health.